| 000 | 00698nam a22002177a 4500 | ||
|---|---|---|---|
| 003 | UA-OsUOA | ||
| 001 | 87077 | ||
| 007 | ta | ||
| 008 | 20120914b un ||||| |||| 00| 0 ukr d | ||
| 090 | _a82.09 | ||
| 942 | _cBK | ||
| 040 |
_aUA-OsUOA _brus _cUA-OsUOA _dUA-OsUOA |
||
| 245 |
_aОстровский А. Н. - драматург _bК шестидесятилетию со дня смерти 1886 - 1946 _cПод общей ред. Филиппова В. |
||
| 300 | _a254 с. | ||
| 955 | _a1 | ||
| 041 | _arus | ||
| 080 | _a82.09 | ||
| 260 |
_aМ. _bСоветский писатель _c1946 |
||
| 650 | 7 |
_a82 Література. Літературознавство _2UDC |
|
| 999 |
_c373368 _d373368 |
||